Normal view
MARC view
- المكتب الفني في المحكمة العليا الشرعية
Entry Personal Name
001 - CONTROL NUMBER
- control field: 65134
003 - CONTROL NUMBER IDENTIFIER
- control field: JO-AjAnu
005 - DATE AND TIME OF LATEST TRANSACTION
- control field: 20240325122206.0
008 - FIXED-LENGTH DATA ELEMENTS
- fixed length control field: 240325|| aca||aabn | a|a d
040 ## - CATALOGING SOURCE
- Original cataloging agency: JO-AjAnu
100 ## - HEADING--PERSONAL NAME
- Personal name: المكتب الفني في المحكمة العليا الشرعية
- Relator term: مؤلف